| 000 | 00353nam a2200133Ia 4500 | ||
|---|---|---|---|
| 008 | 190216s9999||||xx |||||||||||||| ||und|| | ||
| 100 | _aPhoolan Prasad & Renuka Ravindran | ||
| 245 | 0 | _aPartial Differential Equations | |
| 250 | _aFIRST | ||
| 260 |
_bNew Age International Publishers _c1996 |
||
| 300 | _a247 | ||
| 650 | _aMathematics | ||
| 942 | _cBK | ||
| 999 |
_c31646 _d31646 |
||